000 00577nam a2200205 i 4500
001 135250
003 ES-MaACL
005 20240126063011.0
007 t|
008 070713s1962 sp ||||1| spa d
080 _a882-312.6"18"
100 1 _aTolstói, Lev,
_d1828-1910
_9110489
245 1 0 _aInfancia, adolescencia, juventud
_b: memorias /
_cLev Nikolaevich Tolstoï.
260 _aBarcelona :
_bJuventud,
_c[1962]
300 _a448 p. ;
_c24 cm.
740 0 _aJuventud.
740 0 _aAdolescencia.
852 _aES-MaACL
_jC-22389
_bR.51060
999 _c135250
_d135250